The Quidditch Quiz Stats

 Plays Quiz Updated May 21, 2018

Score 0/7 Timer 01:00
0 Plays Today
Player or Ball Player/Ball % Correct
BallGolden Snitch
96.2%
PlayerSeeker
95.7%
PlayerKeeper
89.5%
PlayerBeaters
89.3%
BallBludgers
86.8%
BallQuaffle
84.6%
PlayerChasers
77.8%

You're not logged in!

Compare scores with friends on all Sporcle quizzes.
OR
Log In

Sporcle TV

Today on Sporcle TV


Watch our educational content, quiz creation guides, and fun videos on Sporcle TV.

Show Comments

Extras

Top Quizzes Today


Score Distribution

Your Account Isn't Verified!

In order to create a playlist on Sporcle, you need to verify the email address you used during registration. Go to your Sporcle Settings to finish the process.

Report this User

Report this user for behavior that violates our Community Guidelines.

Details: